| 000 | 00694nam a2200229 a 4500 | ||
|---|---|---|---|
| 001 | 56369 | ||
| 003 | BD-RjUL | ||
| 005 | 20211209080404.0 | ||
| 008 | 161129s1961 xx 000 0 eng | ||
| 035 | _a(BD-RjUL)56493 | ||
| 040 |
_aDLC _cTxU-Da _dUk _dBD-RjUL _beng |
||
| 041 | _aeng | ||
| 082 |
_223 _a519.5 _bHAM 1961 |
||
| 100 | 1 |
_aHanson, Kermit O. _9167700 |
|
| 245 | 1 | 0 |
_aManagerial statistics / _c[by] Kermit O. Hanson [and] George J. Brabb. |
| 250 | _a2nd ed. | ||
| 260 |
_aEnglewood Cliffs N.J., _bPrentice-Hall, _c1961, [printing 1964] |
||
| 300 |
_a342 p. : _billus. ; _c24 cm. |
||
| 650 | 0 |
_aStatistics. _9167701 |
|
| 700 | 1 |
_aBrabb, George Jacob, _d1925- _9231939 |
|
| 942 |
_2ddc _cBK |
||
| 999 |
_c56369 _d56369 |
||